00486nam a2200193 a 4500001001300000003000900013005001700022008004100039020001000080082001500090100001900105245004300124260004600167300000800213500003500221505000600256650001100262700001900273nice12345678IN_TiNIC20260116012828.0050524s0000 dela grp 000 0 ara  ac10000a297.4bMOH aMohammad, Syed aSaiful-Qati Li-Shubhatil-Mushakka-Kin. aDelhi bPayam-E-mashriq Book Depot c0000 a38p aincludes index and biblioraphy2 a] aSufism1 aMohammad, Syed